Catálogo público

Microcervecera Emperador / (Record no. 176782)

MARC details
000 -CABECERA
campo de control de longitud fija 01830nam a2200385Ia 4500
001 - NÚMERO DE CONTROL
campo de control dia_5771
003 - IDENTIFICADOR DEL NÚMERO DE CONTROL
campo de control CHAP
005 - FECHA Y HORA DE LA ÚLTIMA TRANSACCIÓN
campo de control 20240409115742.0
007 - CAMPO FIJO DE DESCRIPCIÓN FÍSICA--INFORMACIÓN GENERAL
campo de control de longitud fija ta
008 - DATOS DE LONGITUD FIJA--INFORMACIÓN GENERAL
campo de control de longitud fija 220117s2005 mx ae f 001 0 spa d
040 ## - FUENTE DE LA CATALOGACIÓN
Centro catalogador/agencia de origen mxchpua
Centro/agencia transcriptor CHAP
090 ## - LOCALMENTE ASIGNADO TIPO-LC NÚMERO DE CLASIFICACIÓN (OCLC); NÚMERO DE CLASIFICACIÓN LOCAL (RLIN)
Número de clasificación (OCLC) (R) ; Numero de clasificación, CALL (RLIN) (NR) T.C.568
Número cutter local (OCLC) ; Número de libro/Signatura topográfica íntegra, CALL (RLIN) E87 EIUPA
Año 2005
245 10 - MENCIÓN DE TÍTULO
Título Microcervecera Emperador /
Mención de responsabilidad, etc. coordinador Teodoro Espinosa Solares ; colaboradores Jovane Bravo Martínez...[y otros]
260 ## - PUBLICACIÓN, DISTRIBUCIÓN, ETC.
Lugar de publicación, distribución, etc. México :
Nombre del editor, distribuidor, etc. El Autor,
Fecha de publicación, distribución, etc. 2005
336 ## - TIPO DE CONTENIDO
Fuente rdacontent
Término de tipo de contenido texto
Código de tipo de contenido txt
337 ## - TIPO DE MEDIO
Fuente rdamedia
Nombre/término del tipo de medio no mediado
Código del tipo de medio n
338 ## - TIPO DE SOPORTE
Fuente rdacarrier
Nombre/término del tipo de soporte volumen
Código del tipo de soporte nc
500 ## - NOTA GENERAL
Nota general Grado: 7° año Grupo: 01<br/>El CD. solo contiene planos.
502 ## - NOTA DE TESIS
Nota de tesis Viaje de estudios
Tipo de título (EIUPA) --
Nombre de la institución que otorga el título UACh. Departamento de Ingeniería Agroindustrial,
Año de obtención del título 2005
505 00 - NOTA DE CONTENIDO CON FORMATO
Nota de contenido con formato Contiene 4 planos: -- <br/>1.Diagramas de tubería e instrumentación --<br/>2. Diagrama de flujo --<br/>3. Diagrama de bloques de proceso --<br/>4. Distribución de áreas (Esc. 1:100)
650 13 - PUNTO DE ACCESO ADICIONAL DE MATERIA--TÉRMINO DE MATERIA
Término de materia o nombre geográfico como elemento de entrada Industria cervecera
9 (RLIN) 57799
650 13 - PUNTO DE ACCESO ADICIONAL DE MATERIA--TÉRMINO DE MATERIA
Término de materia o nombre geográfico como elemento de entrada Brewing industry
9 (RLIN) 151423
700 1# - PUNTO DE ACCESO ADICIONAL--NOMBRE DE PERSONA
Nombre de persona Espinosa Solares, Teodoro
9 (RLIN) 153069
Término indicativo de función/relación coordinador
700 1# - PUNTO DE ACCESO ADICIONAL--NOMBRE DE PERSONA
Nombre de persona Bravo Martínez, Jovane
9 (RLIN) 15139
Término indicativo de función/relación colaborador
856 42 - LOCALIZACIÓN Y ACCESO ELECTRÓNICOS
Identificador Uniforme del Recurso <a href="http://10.13.5.2/ve/TC568EIUPA/TC568EIUPA2005-PLANO-DTICERVEZA.pdf">http://10.13.5.2/ve/TC568EIUPA/TC568EIUPA2005-PLANO-DTICERVEZA.pdf</a>
Texto de enlace DESCARGAR PLANO DTI CERVEZA
856 42 - LOCALIZACIÓN Y ACCESO ELECTRÓNICOS
Identificador Uniforme del Recurso <a href="http://10.13.5.2/ve/TC568EIUPA/TC568EIUPA2005-PLANO-DISTRIBUCIONDEAREAS.pdf">http://10.13.5.2/ve/TC568EIUPA/TC568EIUPA2005-PLANO-DISTRIBUCIONDEAREAS.pdf</a>
Texto de enlace DESCARGAR PLANO DE DISTRIBUCIÓN DE ÁREAS
856 42 - LOCALIZACIÓN Y ACCESO ELECTRÓNICOS
Identificador Uniforme del Recurso <a href="http://10.13.5.2/ve/TC568EIUPA/TC568EIUPA2005-PLANO-DIAGRAMADEFLUJO.pdf">http://10.13.5.2/ve/TC568EIUPA/TC568EIUPA2005-PLANO-DIAGRAMADEFLUJO.pdf</a>
Texto de enlace DESCARGAR PLANO DIAGRAMA DE FLUJO
856 42 - LOCALIZACIÓN Y ACCESO ELECTRÓNICOS
Identificador Uniforme del Recurso <a href="http://10.13.5.2/ve/TC568EIUPA/TC568EIUPA2005-PLANO-DIAGRAMADEBLOQUES.pdf">http://10.13.5.2/ve/TC568EIUPA/TC568EIUPA2005-PLANO-DIAGRAMADEBLOQUES.pdf</a>
Texto de enlace DESCARGAR PLANO DIAGRAMA DE BLOQUES
942 ## - ELEMENTOS DE PUNTO DE ACCESO ADICIONAL (KOHA)
Fuente del sistema de clasificación o colocación Clasificación Universidad Autónoma de Chapingo
901 ## - ELEMENTOS DE DATOS A LOCAL LDA (RLIN)
a T.C.568 E87 EIUPA 2005
902 ## - ELEMENTOS DE DATOS B LOCAL, LDB (RLIN)
a M
905 ## - ELEMENTOS DE DATOS E LOCAL, LDE (RLIN)
a 5132272005 mx el 8223122322spa16
942 ## - ELEMENTOS DE PUNTO DE ACCESO ADICIONAL (KOHA)
Tipo de ítem Koha Viaje de Estudios
Holdings
Estado de retiro Estado de pérdida Fuente del sistema de clasificación o colocación Estado dañado Restricciones de uso No para préstamo Código de colección Localización permanente Ubicación/localización actual Fecha de adquisición Fuente de adquisición Total de préstamos Signatura topográfica completa Código de barras Fecha visto por última vez Número de copia Precio válido a partir de Tipo de ítem Koha Ubicación en estantería
    Clasificación Universidad Autónoma de Chapingo   Préstamo interno   Viajes de Estudio Ingenieria Agroindustrial Ingenieria Agroindustrial 18/01/2022 El autor   T.C.568 E87 EIUPA 2005 1106008984 26/01/2026 Ej.1 18/01/2022 Viaje de Estudios  
    Clasificación Universidad Autónoma de Chapingo   Préstamo interno   Viajes de Estudio Ingenieria Agroindustrial Ingenieria Agroindustrial 18/01/2022 El autor   T.C.568 E87 EIUPA 2005 1106008790 18/01/2022 Ej.2 18/01/2022 CD  
    Clasificación Universidad Autónoma de Chapingo       Viajes de estudio - En línea Ingenieria Agroindustrial Ingenieria Agroindustrial 18/01/2022 El autor   T.C.568 E87 EIUPA 2005 1206008984 09/04/2024   09/04/2024 Viajes de Estudio - En línea En línea